000 02049cam a2200289 a 4500
001 2041
003 FISKH
005 20231101154402.0
008 070719s2007 ilu 000 0 eng
010 _a 2007029263
020 _a9781402210693 (pbk.)
020 _a1402210698 (pbk.)
040 _aDLC
_cDLC
_dDLC
_beng
050 0 0 _aHQ774
_b.M44 2007
082 0 0 _a649.55
_222
100 1 _aMcClure, Robin.
245 1 4 _aThe Playskool guide to baby play :
_bmore then 300 games and activities to play and learn with your baby /
_cRobin McClure.
260 _aNaperville :
_bSourcebooks,
_c2007.
300 _a203 pages ;
_c23 cm
520 _aPlay opens a world of creativity, discovery and learning Packed full of more than 300 games and activities for any situation and every day of the year, The Playskool Guide to Baby Play will give you hours of creative fun, playing, bonding and growing together with your little one! --Diaper time-the best ways to keep baby entertained --New motor skills-games for reaching, sitting up and crawling --Fun with the family-great quality-time ideas for the whole family --Meal time-creative opportunities to include baby at the dinner table --Arts and crafts-baby keepsakes to create and cherish for a lifetime --Sights and sounds-games to promote baby's developing senses --One-on-one-bonding with the tiniest member of the family --Holiday fun-holiday-themed activities from January through December As the American Academy of Pediatrics (AAP) recently reported, play is essential for helping children reach important developmental milestones. Make play a part of your family's growth and bonding time. The Playskool Guide to Baby Play provides more than 300 great ways to entertain, teach, amuse and delight your little one.
650 0 _aInfants
_xDevelopment.
650 0 _aPlay.
650 0 _aParent and infant.
906 _a7
_bcbc
_corignew
_d1
_eecip
_f20
_gy-gencatlg
942 _2ddc
_cBK
_n0
999 _c2041
_d2041